[Event "Spring Open 2024"]
[Site "?"]
[Date "2024.02.17"]
[Round "1"]
[White "Norris, David"]
[Black "Camacho Collados, Jose"]
[Result "0-1"]
[WhiteElo "1556"]
[BlackElo "2371"]
[PlyCount "52"]
[SourceVersionDate "2024.04.09"]

1. e4 b6 2. d4 Bb7 3. Nc3 e6 4. Bd3 Bb4 5. Bd2 Nf6 6. Nge2 O-O 7. O-O d6 8. Bg5 h6 9. Bh4 Bxc3 10. Nxc3 e5 11. Ne2 g5 12. Bg3 exd4 13. f3 c5 14. Qd2 Nc6 15. h4 Nh5 16. Bh2 Ne5 17. b3 Re8 18. hxg5 hxg5 19. Rae1 Re6 20. f4 gxf4 21. Nxf4 Nxf4 22. Qxf4 Rg6 23. Bc4 Qd7 24. Qf2 Nxc4 25. bxc4 Re8 26. Bxd6 Rxd6 0-1

[Event "Spring Open 2024"]
[Site "?"]
[Date "2024.02.17"]
[Round "1"]
[White "Bullen, Alex"]
[Black "Mckenna, Joshua"]
[Result "1-0"]
[WhiteElo "2147"]
[BlackElo "1534"]
[PlyCount "43"]
[SourceVersionDate "2024.04.09"]

1. Nf3 d5 2. b3 c5 3. Bb2 Nf6 4. e3 Nc6 5. Bb5 Bd7 6. O-O g6 7. c4 e6 8. cxd5 exd5 9. Nc3 d4 10. exd4 Nxd4 11. Nxd4 cxd4 12. Re1+ Be7 13. Ba3 Ng8 14. Nd5 Bxb5 15. Nxe7 Kd7 16. Nxg8 Qxg8 17. Qg4+ f5 18. Qxd4+ Kc7 19. Rac1+ Bc6 20. Re7+ Kb8 21. Qf4+ Kc8 22. Qc7# 1-0

[Event "Spring Open 2024"]
[Site "?"]
[Date "2024.02.17"]
[Round "1"]
[White "Prabhu, Suraj"]
[Black "Brown, Tom"]
[Result "0-1"]
[WhiteElo "1526"]
[BlackElo "2128"]
[PlyCount "82"]
[SourceVersionDate "2024.04.09"]

1. d4 g6 2. e4 Bg7 3. Nf3 d6 4. c4 Nf6 5. Nc3 O-O 6. Be2 e5 7. O-O Bg4 8. Be3 Bxf3 9. Bxf3 exd4 10. Bxd4 Nc6 11. Be3 Re8 12. a3 Nd7 13. Qd2 Nc5 14. Bxc5 dxc5 15. Qxd8 Raxd8 16. Nd5 Be5 17. Rab1 Nd4 18. Bg4 h5 19. f4 c6 20. Ne3 Bc7 21. Bf3 Bxf4 22. Nd1 Nxf3+ 23. gxf3 Rd2 24. Rf2 Red8 25. Rxd2 Rxd2 26. h3 Be5 27. b4 b6 28. Ne3 Bd4 29. Rb3 Re2 30. Kf1 Rxe3 31. Rxe3 Bxe3 32. Ke2 Bc1 33. bxc5 Bxa3 34. cxb6 axb6 35. Kd3 b5 36. cxb5 cxb5 37. Kd4 Bd6 38. Kd5 b4 39. Kc4 Kg7 40. f4 Bxf4 41. Kxb4 Kf6 0-1

[Event "Spring Open 2024"]
[Site "?"]
[Date "2024.02.17"]
[Round "1"]
[White "Richmond, Jane"]
[Black "Hurn, Robert"]
[Result "1-0"]
[WhiteElo "2064"]
[BlackElo "1513"]
[PlyCount "89"]
[SourceVersionDate "2024.04.09"]

1. e4 c5 2. Nc3 Nc6 3. Bb5 Nd4 4. Nf3 e6 5. O-O Ne7 6. Nxd4 cxd4 7. Ne2 a6 8. Bd3 Nc6 9. f4 Bc5 10. Ng3 d5 11. a3 dxe4 12. Nxe4 Ba7 13. Kh1 h5 14. Qf3 f5 15. Ng5 Qf6 16. Bc4 Na5 17. Ba2 Bd7 18. d3 O-O-O 19. Bd2 Nc6 20. Rfe1 Rde8 21. Re2 Nd8 22. Rae1 h4 23. h3 Rh6 24. Qf2 Kb8 25. Bb4 Ka8 26. Bd6 Bb8 27. Bc5 Ba7 28. Bxa7 Kxa7 29. c3 Ka8 30. Qxd4 Qxd4 31. cxd4 Kb8 32. d5 e5 33. Rxe5 Rxe5 34. fxe5 Bb5 35. Bc4 Be8 36. d4 b5 37. Bd3 g6 38. Rc1 Rh8 39. Kg1 Nf7 40. Ne6 Nh6 41. d6 Bd7 42. Nc5 Bc8 43. e6 g5 44. d7 Bb7 45. e7 1-0

[Event "Spring Open 2024"]
[Site "?"]
[Date "2024.02.17"]
[Round "1"]
[White "Williams, Stephen"]
[Black "Fathallah, Joe"]
[Result "0-1"]
[WhiteElo "1506"]
[BlackElo "2007"]
[PlyCount "48"]
[SourceVersionDate "2024.04.09"]

1. d4 f5 2. Nc3 Nf6 3. Bg5 d5 4. Bxf6 exf6 5. e3 Be6 6. Bd3 Qd7 7. Nge2 Nc6 8. a3 g5 9. Qd2 O-O-O 10. O-O-O Kb8 11. Kb1 Na5 12. f4 Nc4 13. Qc1 b5 14. Bxc4 bxc4 15. g3 Ka8 16. Ka2 Rb8 17. h4 g4 18. Qd2 Be7 19. Rb1 Rb6 20. Rhd1 Rhb8 21. Qc1 Ra6 22. Qd2 Qd6 23. Qc1 Rxb2+ 24. Qxb2 Rxa3+ 0-1

[Event "Spring Open 2024"]
[Site "?"]
[Date "2024.02.17"]
[Round "1"]
[White "Wilkins, Zack"]
[Black "Cave, Iwan"]
[Result "0-1"]
[WhiteElo "1367"]
[BlackElo "1970"]
[PlyCount "32"]
[SourceVersionDate "2024.04.10"]

1. e4 e5 2. Nf3 Nf6 3. d4 Nxe4 4. dxe5 d5 5. exd6 Bxd6 6. Bd3 Nc5 7. Bc4 O-O 8. O-O Bg4 9. Bg5 Bxf3 10. Qxf3 Qxg5 11. b4 Qe5 12. g3 Qxa1 13. bxc5 Bxc5 14. Nc3 Qb2 15. Rd1 Nc6 16. Rd7 Ne5 0-1

[Event "Spring Open 2024"]
[Site "?"]
[Date "2024.02.17"]
[Round "1"]
[White "Rathbone-Jones, Ifan"]
[Black "Williams, John"]
[Result "1-0"]
[WhiteElo "1941"]
[BlackElo "1348"]
[PlyCount "57"]
[SourceVersionDate "2024.04.10"]

1. Nf3 d6 2. d4 Nf6 3. Bf4 c6 4. a4 Bg4 5. Nbd2 Nbd7 6. e4 e5 7. dxe5 dxe5 8. Bg5 Bc5 9. Bd3 O-O 10. O-O h6 11. Bxf6 Nxf6 12. a5 Re8 13. h3 Bh5 14. Qe2 Qc7 15. c3 Rad8 16. Rfd1 Rd7 17. b4 Bf8 18. Nf1 Red8 19. Ne3 Bg6 20. Nc4 Bd6 21. Bc2 Ne8 22. Nxd6 Rxd6 23. Rxd6 Nxd6 24. Nxe5 Bxe4 25. Bxe4 Nxe4 26. Qxe4 Re8 27. f4 f6 28. Qc4+ Kh7 29. Nf3 1-0

[Event "Spring Open 2024"]
[Site "?"]
[Date "2024.02.17"]
[Round "1"]
[White "Powell-Jones, Liam"]
[Black "Jukes, Sam"]
[Result "0-1"]
[WhiteElo "1338"]
[BlackElo "1891"]
[PlyCount "54"]
[SourceVersionDate "2024.04.10"]

1. e4 e5 2. Nf3 Nc6 3. Bb5 a6 4. Ba4 Nf6 5. O-O d6 6. Re1 Bd7 7. c3 g6 8. d3 Bg7 9. h3 O-O 10. Be3 Re8 11. Qc1 b5 12. Bc2 a5 13. a4 b4 14. Bg5 Qb8 15. Nbd2 Nh5 16. Rb1 h6 17. Be3 g5 18. Nh2 Qc8 19. Qd1 Nf4 20. Bxf4 exf4 21. Qh5 bxc3 22. bxc3 Bxc3 23. Ndf3 Bxe1 24. Rxe1 Qd8 25. Qxh6 Re6 26. Qh5 Rg6 27. d4 Kg7 0-1

[Event "Spring Open 2024"]
[Site "?"]
[Date "2024.02.17"]
[Round "1"]
[White "Turner, Joseph David"]
[Black "Kong, Emma Zihan"]
[Result "1-0"]
[WhiteElo "1847"]
[BlackElo "1314"]
[PlyCount "111"]
[SourceVersionDate "2024.04.10"]

1. e4 c5 2. d4 cxd4 3. c3 Nf6 4. e5 Nd5 5. Nf3 e6 6. cxd4 Nc6 7. Nc3 Bb4 8. Bd2 Nb6 9. a3 Be7 10. Bd3 d6 11. exd6 Qxd6 12. Nb5 Qd8 13. Bf4 Nd5 14. Bg3 a6 15. Nc3 Nf6 16. Bc2 b5 17. b4 Bb7 18. Qd3 Qd7 19. O-O Rd8 20. Rad1 h5 21. Ne2 Nd5 22. Ne5 Nxe5 23. Bxe5 Nf6 24. f3 h4 25. Nf4 g5 26. Ng6 Rh6 27. Nxe7 Qxe7 28. f4 g4 29. f5 h3 30. g3 Qd7 31. Rd2 Qd5 32. Kf2 Ne4+ 33. Qxe4 Qxe4 34. Bxe4 Bxe4 35. fxe6 Rxe6 36. Ke3 Bf3 37. Kf4 Rc6 38. Kf5 Rc3 39. d5 Rxa3 40. d6 Ra4 41. Bf6 Rd7 42. Re1+ Kf8 43. Re7 Rd8 44. Rxf7+ Kxf7 45. Bxd8 Ra3 46. Bg5 Bc6 47. d7 Rf3+ 48. Kxg4 Re3 49. d8=Q Bf3+ 50. Kf4 Re4+ 51. Kxf3 Re3+ 52. Kg4 Re4+ 53. Kxh3 Kg6 54. g4 Re3+ 55. Kh4 Re6 56. Qg8# 1-0

[Event "Spring Open 2024"]
[Site "?"]
[Date "2024.02.17"]
[Round "1"]
[White "Stannard, Mike"]
[Black "Havard, Gwyn"]
[Result "0-1"]
[WhiteElo "1228"]
[BlackElo "1841"]
[PlyCount "60"]
[SourceVersionDate "2024.04.10"]

1. d4 f5 2. Nc3 Nf6 3. Bf4 e6 4. e3 b6 5. Nb5 Na6 6. Qf3 Rb8 7. a3 Bb7 8. Qd1 d6 9. Nc3 Be7 10. f3 O-O 11. Bd3 c5 12. Qe2 Nc7 13. O-O-O Ncd5 14. Nxd5 Nxd5 15. Nh3 Rc8 16. dxc5 Rxc5 17. Bg3 Qd7 18. Nf4 Rfc8 19. Nxd5 Bxd5 20. Kb1 Qa4 21. Rc1 b5 22. Be1 a5 23. c3 Qb3 24. Rc2 Qa2+ 25. Kc1 Qa1+ 26. Kd2 Bb3 27. Rc1 Qxb2+ 28. Bc2 Rxc3 29. Kd1 Bxc2+ 30. Rxc2 Qb1+ 0-1

[Event "Spring Open 2024"]
[Site "?"]
[Date "2024.02.17"]
[Round "1"]
[White "Probert, Malcolm"]
[Black "Tomaszewski, Tomasz"]
[Result "0-1"]
[WhiteElo "1563"]
[BlackElo "1834"]
[PlyCount "156"]
[SourceVersionDate "2024.04.10"]

1. Nf3 d5 2. d4 c6 3. g3 Nf6 4. Bg2 Bg4 5. c4 Bxf3 6. Bxf3 e6 7. Qb3 Qb6 8. c5 Qxb3 9. axb3 Be7 10. Nc3 O-O 11. O-O Na6 12. Na2 Nc7 13. b4 Nb5 14. e3 Nd7 15. Bd2 e5 16. dxe5 Nxe5 17. Be2 d4 18. Bxb5 Nf3+ 19. Kg2 Nxd2 20. Rfd1 Nb3 21. Rab1 cxb5 22. Rd3 Nxc5 23. bxc5 dxe3 24. Rxe3 Bxc5 25. Re5 Rac8 26. b4 Bd4 27. Rd5 Bxf2 28. Kxf2 Rc2+ 29. Kf3 Rxa2 30. Rxb5 b6 31. h4 Ra3+ 32. Kf4 Rc8 33. Rd1 g6 34. Rd4 Rcc3 35. g4 Rf3+ 36. Ke4 f5+ 37. gxf5 gxf5+ 38. Ke5 Kg7 39. Rbd5 Rae3+ 40. Kd6 Kf6 41. Kc7 Re4 42. Rd6+ Ke5 43. R4d5+ Kf4 44. Rf6 Kg4 45. Rh6 Rc3+ 46. Kd6 f4 47. Rg5+ Kf3 48. Rxh7 Ke3 49. Rf7 f3 50. Rgf5 Rxh4 51. Rxf3+ Kd2 52. Rf2+ Kd3 53. Rxa7 Rd4+ 54. Ke6 Rc6+ 55. Ke5 Rxb4 56. Ra3+ Kc4 57. Rc2+ Kb5 58. Rd2 Rc5+ 59. Kd6 Rc6+ 60. Kd5 Rc8 61. Ke5 Re8+ 62. Kf5 Kc5 63. Rc2+ Rc4 64. Rb2 b5 65. Ra5 Rb4 66. Rc2+ Kd4 67. Rd2+ Kc3 68. Rd5 Kc4 69. Rd2 Rb3 70. Rc2+ Kb4 71. Raa2 Rf3+ 72. Kg4 Rf7 73. Rcb2+ Kc5 74. Kg5 Rg8+ 75. Kh6 Rf3 76. Kh7 Rg4 77. Rh2 b4 78. Ra5+ Kc4 0-1

[Event "Spring Open 2024"]
[Site "?"]
[Date "2024.02.17"]
[Round "1"]
[White "Gedara, Thinuli Hittara"]
[Black "James, Dai"]
[Result "0-1"]
[WhiteElo "850"]
[BlackElo "1820"]
[PlyCount "60"]
[SourceVersionDate "2024.04.10"]

1. e4 e6 2. Nf3 d5 3. exd5 exd5 4. Nc3 Nf6 5. Bd3 Be7 6. O-O O-O 7. Nb5 c5 8. c4 d4 9. Re1 Nc6 10. Be4 Nxe4 11. Rxe4 a6 12. Na3 Bf5 13. Rf4 Bg6 14. d3 Bd6 15. Rg4 Nb4 16. Bg5 Qc7 17. Nh4 Bh5 18. Bf6 Bxg4 19. Qxg4 g6 20. Nf3 Rfe8 21. Ng5 Bxh2+ 22. Kf1 Bf4 23. g3 Bxg5 24. Qxg5 Re6 25. Re1 Rxe1+ 26. Kxe1 Re8+ 27. Kf1 Re6 28. Nb1 Qc6 29. Be5 f6 30. Bxf6 Qh1# 0-1

[Event "Spring Open 2024"]
[Site "?"]
[Date "2024.02.17"]
[Round "1"]
[White "Penny, Liam"]
[Black "Belochkin, David"]
[Result "1-0"]
[WhiteElo "1742"]
[BlackElo "1217"]
[PlyCount "75"]
[SourceVersionDate "2024.04.10"]

1. d4 d5 2. Nc3 Bf5 3. f3 Nf6 4. g4 Bg6 5. h4 h6 6. e3 e6 7. Nh3 Bd6 8. Nf4 a6 9. Nxg6 fxg6 10. Bd3 Bg3+ 11. Ke2 Nc6 12. Bxg6+ Kd7 13. g5 hxg5 14. hxg5 Rxh1 15. Qxh1 Ne8 16. f4 Bxf4 17. exf4 Nxd4+ 18. Kd3 Nc6 19. Bxe8+ Qxe8 20. Be3 Qg6+ 21. Kd2 d4 22. Rd1 dxe3+ 23. Kxe3+ Ke7 24. Rd2 Rd8 25. Rxd8 Kxd8 26. Qd1+ Ke7 27. a3 Qf5 28. Qd3 Qh3+ 29. Kd2 Qh2+ 30. Ne2 e5 31. Qe4 Kd6 32. Qg6+ Kd5 33. Qxg7 exf4 34. Qf7+ Ke4 35. Qc4+ Kf5 36. g6 Ne5 37. Qd5 Qh6 38. Nd4+ 1-0

[Event "Spring Open 2024"]
[Site "?"]
[Date "2024.02.17"]
[Round "1"]
[White "Anandkumar, Govind"]
[Black "Szakmany, Bence"]
[Result "0-1"]
[WhiteElo "1209"]
[BlackElo "1718"]
[PlyCount "118"]
[SourceVersionDate "2024.04.10"]

1. e4 e5 2. Nf3 Nc6 3. Bc4 Bc5 4. c3 Nf6 5. d4 exd4 6. e5 d5 7. Bb5 Ne4 8. cxd4 Bb4+ 9. Bd2 Nxd2 10. Nbxd2 O-O 11. Qa4 Bxd2+ 12. Nxd2 Qg5 13. g3 Ne7 14. Bf1 c5 15. Bg2 cxd4 16. Qxd4 Nc6 17. Qc3 d4 18. Qc5 Qxe5+ 19. Qxe5 Nxe5 20. O-O Bf5 21. Nb3 Rfd8 22. Bxb7 Rab8 23. Bg2 Nc4 24. Rad1 d3 25. Rb1 d2 26. Rbd1 Bc2 27. Nxd2 Nxb2 28. Rde1 Rxd2 29. Re7 h6 30. Rxa7 Rd1 31. Rxd1 Nxd1 32. Rc7 Bg6 33. f4 Ne3 34. Bf3 h5 35. h3 Rb2 36. g4 hxg4 37. hxg4 f5 38. g5 Bf7 39. Rc6 g6 40. Rc8+ Kg7 41. a4 Ra2 42. Bc6 Nd5 43. Rd8 Nxf4 44. Ra8 Nh3+ 45. Kh1 Nxg5 46. a5 Bc4 47. Ra7+ Kf6 48. a6 Rxa6 49. Rc7 Be6 50. Bb7 Ra2 51. Bg2 f4 52. Rc6 f3 53. Bf1 Ra1 54. Kg1 Nh3+ 55. Kh2 Rxf1 56. Rxe6+ Kxe6 57. Kxh3 Kf5 58. Kh2 Kf4 59. Kh3 Rh1# 0-1

[Event "Spring Open 2024"]
[Site "?"]
[Date "2024.02.17"]
[Round "1"]
[White "Jones, Steve"]
[Black "Teisar, Vince"]
[Result "1-0"]
[WhiteElo "1686"]
[BlackElo "1200"]
[PlyCount "35"]
[SourceVersionDate "2024.04.10"]

1. d4 d5 2. Nc3 Nf6 3. Bf4 e6 4. e3 Bd6 5. Bd3 O-O 6. g4 Bxf4 7. exf4 Ne4 8. Nxe4 dxe4 9. Bxe4 Qf6 10. Nh3 Rd8 11. c3 Qe7 12. Qc2 f5 13. Bf3 e5 14. dxe5 Qh4 15. Ng5 Re8 16. Qb3+ Kh8 17. Nf7+ Kg8 18. Nh6+ 1-0

[Event "Spring Open 2024"]
[Site "?"]
[Date "2024.02.17"]
[Round "1"]
[White "Richards, Benjamin James"]
[Black "Dixon, Chris"]
[Result "1/2-1/2"]
[WhiteElo "1173"]
[BlackElo "1677"]
[PlyCount "50"]
[SourceVersionDate "2024.04.10"]

1. e4 d6 2. d4 Nf6 3. Nc3 g6 4. f4 Bg7 5. Nf3 O-O 6. Bd3 Nc6 7. O-O Bg4 8. Be3 e5 9. fxe5 dxe5 10. d5 Nb4 11. Be2 Qe7 12. a3 Na6 13. Qe1 Nc5 14. Nd2 Bxe2 15. Qxe2 h6 16. b4 Ncd7 17. Nb3 b6 18. Rad1 Ne8 19. Qc4 Nb8 20. Rd2 Nd6 21. Qe2 Nd7 22. Nb5 Nf6 23. Nxd6 cxd6 24. Bf2 Nh7 25. c4 Rac8 1/2-1/2

[Event "Spring Open 2024"]
[Site "?"]
[Date "2024.02.17"]
[Round "1"]
[White "Gale, Michael"]
[Black "Ramzan, Timur"]
[Result "1/2-1/2"]
[WhiteElo "1644"]
[BlackElo "1166"]
[PlyCount "123"]
[SourceVersionDate "2024.04.10"]

1. e4 c6 2. Nf3 d5 3. Nc3 dxe4 4. Nxe4 Bf5 5. Ng3 Bg6 6. Bc4 Nf6 7. d4 e6 8. c3 Nbd7 9. O-O Be7 10. Re1 O-O 11. a4 Re8 12. Bg5 h6 13. Be3 Nd5 14. Qd2 Nxe3 15. Rxe3 Bd6 16. Re2 Qc7 17. Bd3 Nf8 18. Ne5 Bxd3 19. Qxd3 Rad8 20. Qe4 f6 21. Nf3 Rd7 22. Nf5 Rdd8 23. Nxd6 Qxd6 24. Rae1 Rd7 25. Qg4 Rde7 26. Nh4 Nh7 27. Ng6 Rf7 28. Rxe6 Rxe6 29. Qxe6 Qxe6 30. Rxe6 Ng5 31. Re8+ Kh7 32. Nf4 Rd7 33. h4 Nf7 34. h5 Rd8 35. Re7 Nd6 36. Rxg7+ Kxg7 37. Ne6+ Kf7 38. Nxd8+ Ke7 39. Nxb7 Nxb7 40. f3 f5 41. Kf2 Kf6 42. g4 fxg4 43. fxg4 Kg5 44. Kf3 Nd6 45. b3 Nb7 46. c4 Na5 47. d5 cxd5 48. cxd5 Nxb3 49. d6 Nc5 50. a5 a6 51. Ke3 Kxg4 52. Kd4 Nd7 53. Kd5 Kg5 54. Kc6 Ne5+ 55. Kb6 Kf6 56. Kxa6 Ke6 57. Kb7 Kxd6 58. a6 Nc6 59. Kb6 Kd7 60. Kb7 Na5+ 61. Kb6 Nc6 62. Kb7 1/2-1/2

[Event "Spring Open 2024"]
[Site "?"]
[Date "2024.02.17"]
[Round "1"]
[White "Richards, Gareth"]
[Black "Di-Vetta, Andrew"]
[Result "0-1"]
[WhiteElo "1146"]
[BlackElo "1643"]
[PlyCount "46"]
[SourceVersionDate "2024.04.10"]

1. e4 c6 2. d4 d5 3. e5 Bf5 4. Nf3 e6 5. c4 Nd7 6. a3 a5 7. c5 b6 8. Bd3 Bxd3 9. Qxd3 bxc5 10. O-O c4 11. Qc2 c5 12. Re1 Qb6 13. dxc5 Bxc5 14. Nc3 Ne7 15. h4 h6 16. Rb1 Qb3 17. Qd2 Nb6 18. Nd4 Bxd4 19. Qxd4 Rc8 20. Re3 Nf5 21. Nxd5 Nxd4 22. Rxb3 cxb3 23. Nxb6 Ne2+ 0-1

[Event "Spring Open 2024"]
[Site "?"]
[Date "2024.02.17"]
[Round "1"]
[White "Quinn, Peter"]
[Black "Hill, Glyn"]
[Result "1-0"]
[WhiteElo "1632"]
[BlackElo "1057"]
[PlyCount "63"]
[SourceVersionDate "2024.04.10"]

1. e4 e5 2. Nf3 Nf6 3. d3 Bb4+ 4. c3 Ba5 5. Nxe5 O-O 6. Be2 Re8 7. Nf3 d5 8. e5 Ng4 9. d4 h6 10. h3 Nxf2 11. Kxf2 Nc6 12. Be3 a6 13. Nbd2 f5 14. exf6 Qxf6 15. Nf1 Be6 16. Qd2 Re7 17. Re1 Rae8 18. Bd3 Nd8 19. b4 Bb6 20. Ng3 c6 21. Rhf1 Bc7 22. Nh1 Rf8 23. Kg1 g5 24. Nxg5 Qg7 25. Rxf8+ Qxf8 26. Nxe6 Rxe6 27. Rf1 Nf7 28. Bf4 Bxf4 29. Qxf4 Qe7 30. Ng3 Qd6 31. Qxf7+ Kh8 32. Qh7# 1-0

[Event "Spring Open 2024"]
[Site "?"]
[Date "2024.02.17"]
[Round "1"]
[White "Thompson, Chris"]
[Black "Morgans, Justin"]
[Result "0-1"]
[WhiteElo "1009"]
[BlackElo "1626"]
[PlyCount "88"]
[SourceVersionDate "2024.04.10"]

1. d4 d5 2. Bf4 Nf6 3. e3 Bg4 4. Nf3 e6 5. Be2 Bd6 6. Bg3 O-O 7. Ne5 Bf5 8. Nd2 Bb4 9. h4 Ne4 10. c3 Nxg3 11. fxg3 Bd6 12. g4 Be4 13. Nxe4 dxe4 14. g5 Bxe5 15. dxe5 Qxd1+ 16. Bxd1 Nc6 17. Be2 Nxe5 18. O-O-O Rad8 19. Kb1 c5 20. h5 Nd3 21. Rhf1 c4 22. h6 Rd5 23. Bxd3 exd3 24. Rf4 b5 25. Kc1 Rxg5 26. g4 gxh6 27. Rdf1 f5 28. gxf5 Rfxf5 29. e4 Rxf4 30. Rxf4 Rg1+ 31. Kd2 Rg2+ 32. Kd1 Kg7 33. e5 Re2 34. Rf1 Rxe5 35. Rg1+ Rg5 36. Re1 e5 37. Re4 Kf6 38. Rh4 h5 39. b3 cxb3 40. axb3 Kf5 41. c4 bxc4 42. bxc4 e4 43. c5 e3 44. Rh1 Ke6 0-1

[Event "Spring Open 2024"]
[Site "?"]
[Date "2024.02.17"]
[Round "1"]
[White "Lewis, David"]
[Black "Rhydderch, Sam"]
[Result "1-0"]
[WhiteElo "1613"]
[BlackElo "894"]
[PlyCount "61"]
[SourceVersionDate "2024.04.10"]

1. d4 d5 2. c4 c6 3. Nc3 Nf6 4. Bf4 Bf5 5. e3 e6 6. Nf3 Bd6 7. Bg3 O-O 8. c5 Bxg3 9. hxg3 Nbd7 10. Bd3 Bxd3 11. Qxd3 Re8 12. Ne5 g6 13. b4 Nxe5 14. dxe5 Ne4 15. Nxe4 dxe4 16. Qxe4 Re7 17. Qh4 h5 18. Rd1 Rd7 19. Rd6 Qxh4 20. Rxh4 Rxd6 21. exd6 Kf8 22. g4 a5 23. gxh5 axb4 24. hxg6 Rxa2 25. d7 Ra1+ 26. Ke2 Ra2+ 27. Kf3 Rd2 28. d8=Q+ Rxd8 29. Rh8+ Kg7 30. Rxd8 Kxg6 31. Rd4 1-0

[Event "Spring Open 2024"]
[Site "?"]
[Date "2024.02.17"]
[Round "1"]
[White "McGrath, Ethan"]
[Black "Westcott, Dale"]
[Result "0-1"]
[WhiteElo "883"]
[BlackElo "1613"]
[PlyCount "86"]
[SourceVersionDate "2024.04.10"]

1. c4 c6 2. Nc3 d5 3. cxd5 cxd5 4. g3 Nf6 5. e3 Nc6 6. Bg2 g6 7. Nge2 Bg7 8. d4 O-O 9. O-O Bf5 10. Qb3 Na5 11. Qd1 Rc8 12. Nf4 e6 13. Re1 a6 14. a4 Qb6 15. Nd3 Nb3 16. Ra2 Ne4 17. Qc2 Rc4 18. Ra3 Na5 19. h3 h5 20. Kh2 Rfc8 21. f3 Nxc3 22. bxc3 Bf8 23. e4 Bxa3 24. Bxa3 Rxc3 25. Qb2 Qxb2 26. Nxb2 Rxa3 27. exf5 exf5 28. Rd1 Rc2 29. Nd3 Raa2 30. Ne1 Nc4 31. Nxc2 Rxc2 32. h4 Ne3 33. Rg1 b5 34. axb5 axb5 35. Kh3 Rxg2 36. Rb1 Rd2 37. Rxb5 Rxd4 38. g4 fxg4+ 39. fxg4 Nxg4 40. Kg3 Rd1 41. Kf4 d4 42. Kf3 d3 43. Rd5 Re1 0-1

[Event "Spring Open 2024"]
[Site "?"]
[Date "2024.02.17"]
[Round "1"]
[White "Shreyas, Ghorparde"]
[Black "Jakubiak, Krzysztof"]
[Result "1-0"]
[WhiteElo "1599"]
[BlackElo "1568"]
[PlyCount "103"]
[SourceVersionDate "2024.04.10"]

1. e4 e5 2. Nf3 Nf6 3. Nc3 Bb4 4. d3 d5 5. exd5 Nxd5 6. Bd2 O-O 7. Ne4 Nc6 8. c3 Ba5 9. Be2 a6 10. O-O b5 11. Bg5 f6 12. Bh4 Nf4 13. Re1 Bf5 14. Qc2 Bb6 15. Rad1 Qe8 16. Bf1 Qg6 17. Bg3 Qf7 18. Bxf4 exf4 19. Qd2 Qxa2 20. Ra1 Qb3 21. Ra3 Qd5 22. Qxf4 Bg6 23. d4 Rfe8 24. Ned2 a5 25. c4 Qd7 26. c5 Rxe1 27. Nxe1 b4 28. Re3 Ba7 29. Bb5 Qxd4 30. Qf3 Qxd2 31. Qxc6 Rd8 32. Bc4+ Kh8 33. Qxc7 Bb8 34. Qxa5 Be5 35. Re2 Qd4 36. Qxb4 Rb8 37. Qa4 Qxc5 38. b3 Qd6 39. g3 h5 40. Qa7 h4 41. Qe3 hxg3 42. hxg3 Bh5 43. Rd2 Qc7 44. Ng2 Ra8 45. Nh4 Ra1+ 46. Kh2 Qb7 47. Bd5 Qb5 48. Bc4 Qb7 49. Rd8+ Kh7 50. Qd3+ Kh6 51. Rh8+ Kg5 52. Qf5# 1-0

[Event "Spring Open 2024"]
[Site "?"]
[Date "2024.02.17"]
[Round "1"]
[White "Winter, Angus"]
[Black "Larg, Richard"]
[Result "1-0"]
[WhiteElo "1420"]
[BlackElo "1558"]
[PlyCount "75"]
[SourceVersionDate "2024.04.10"]

1. e4 e5 2. Nf3 Nc6 3. Bc4 d6 4. Nc3 Nf6 5. d3 Bg4 6. h3 Bxf3 7. Qxf3 Nd4 8. Qd1 Be7 9. Ne2 Nxe2 10. Qxe2 O-O 11. Be3 c6 12. Qf3 a5 13. a4 d5 14. exd5 cxd5 15. Bb5 d4 16. Bd2 Qd5 17. Qg3 Nd7 18. Bc4 Qd6 19. O-O Nb6 20. Bb3 Rfd8 21. f4 Nd7 22. Bxf7+ Kh8 23. Bb3 Bf6 24. Rae1 b6 25. h4 Ra7 26. c3 Nc5 27. Bc2 dxc3 28. Bxc3 Re8 29. d4 Nd7 30. fxe5 Nxe5 31. dxe5 Qc5+ 32. Kh1 Be7 33. e6 Rg8 34. Qd3 Qh5 35. g3 Bxh4 36. Rf5 Qg6 37. gxh4 Qh5 38. Rxh5 1-0

[Event "Spring Open 2024"]
[Site "?"]
[Date "2024.02.17"]
[Round "2"]
[White "Camacho Collados, Jose"]
[Black "Penny, Liam"]
[Result "1-0"]
[WhiteElo "2371"]
[BlackElo "1742"]
[PlyCount "51"]
[SourceVersionDate "2024.04.11"]

1. Nf3 Nf6 2. b3 d5 3. Bb2 Bg4 4. g3 e6 5. Bg2 c5 6. Ne5 Bf5 7. c4 Nc6 8. cxd5 Nxe5 9. Bxe5 exd5 10. Nc3 Be4 11. Nxe4 Nxe4 12. Qc2 Qe7 13. Bb2 Rd8 14. Rc1 Qe6 15. b4 b6 16. bxc5 bxc5 17. O-O Nf6 18. Bxf6 gxf6 19. Qa4+ Qd7 20. Qh4 Qf5 21. Bh3 Qe4 22. Qxf6 Rg8 23. Qc6+ Ke7 24. Rb1 Rd6 25. Qxc5 Kf6 26. Rb8 1-0

[Event "Spring Open 2024"]
[Site "?"]
[Date "2024.02.17"]
[Round "2"]
[White "James, Dai"]
[Black "Bullen, Alex"]
[Result "0-1"]
[WhiteElo "1820"]
[BlackElo "2147"]
[PlyCount "60"]
[SourceVersionDate "2024.04.12"]

1. e4 c6 2. d4 d5 3. exd5 cxd5 4. c4 Nf6 5. Nc3 e6 6. Nf3 Bb4 7. Bd3 O-O 8. O-O dxc4 9. Bxc4 b6 10. Qb3 Bxc3 11. Qxc3 Bb7 12. Bg5 Nbd7 13. Rac1 Qb8 14. h3 Ne4 15. Qe3 Nxg5 16. Nxg5 Qd6 17. Ne4 Bxe4 18. Qxe4 Nf6 19. Qh4 Rfd8 20. Rfd1 h6 21. Bb3 Rac8 22. Rxc8 Rxc8 23. g4 Ne4 24. f3 Ng5 25. Kg2 a5 26. Qg3 Qb4 27. Qe1 Qb5 28. Qd2 a4 29. Bc2 Qc6 30. d5 Qxc2 0-1

[Event "Spring Open 2024"]
[Site "?"]
[Date "2024.02.17"]
[Round "2"]
[White "Brown, Tom"]
[Black "Jones, Steve"]
[Result "1-0"]
[WhiteElo "2128"]
[BlackElo "1686"]
[PlyCount "103"]
[SourceVersionDate "2024.04.12"]

1. Nf3 d5 2. c4 c6 3. d4 Nf6 4. Nc3 Bf5 5. Qb3 Qb6 6. c5 Qxb3 7. axb3 e6 8. Bf4 Na6 9. e3 Nb4 10. Ra4 a5 11. Bc7 Nd3+ 12. Bxd3 Bxd3 13. Kd2 Ne4+ 14. Kxd3 Nxf2+ 15. Ke2 Nxh1 16. Ra1 Be7 17. Rxh1 Bd8 18. Bxd8 Kxd8 19. Ra1 Kc7 20. Na4 f6 21. Nb6 Ra6 22. Kd3 Re8 23. Re1 Rxb6 24. cxb6+ Kxb6 25. e4 Kb5 26. exd5 cxd5 27. Rc1 Re7 28. Rc5+ Kb4 29. Kc2 e5 30. Ne1 e4 31. Rxd5 Rc7+ 32. Kd2 Kxb3 33. Rxa5 Kb4 34. Ra3 Re7 35. Nc2+ Kc4 36. Ne3+ Kb5 37. Rb3+ Kc6 38. Rc3+ Kd7 39. b4 g6 40. g4 Ke6 41. Rc5 Rd7 42. Kc3 Rf7 43. b5 f5 44. gxf5+ gxf5 45. Re5+ Kd7 46. Rxf5 Rxf5 47. Nxf5 Ke6 48. Ne3 Kd6 49. Kc4 b6 50. d5 Ke5 51. Ng4+ Kd6 52. Kd4 1-0

[Event "Spring Open 2024"]
[Site "?"]
[Date "2024.02.17"]
[Round "2"]
[White "Szakmany, Bence"]
[Black "Richmond, Jane"]
[Result "0-1"]
[WhiteElo "1718"]
[BlackElo "2064"]
[PlyCount "84"]
[SourceVersionDate "2024.04.12"]

1. e4 e5 2. Nf3 Nc6 3. Bb5 Nge7 4. c3 a6 5. Ba4 d6 6. d4 Ng6 7. h4 b5 8. Bc2 Bg4 9. d5 Nb8 10. h5 Nf4 11. Bxf4 exf4 12. Qd3 Nd7 13. b4 Ne5 14. Nxe5 dxe5 15. Nd2 Bd6 16. Nb3 O-O 17. h6 g6 18. a4 Bd7 19. Nc5 Bxc5 20. bxc5 Qg5 21. O-O Rfd8 22. axb5 Bxb5 23. c4 Bd7 24. Ba4 Bg4 25. Bd1 Bc8 26. Ra5 Qxh6 27. c6 g5 28. g4 Qxc6 29. Qc3 Qf6 30. c5 Rb8 31. Be2 Re8 32. Kg2 h5 33. gxh5 g4 34. f3 gxf3+ 35. Qxf3 Qg5+ 36. Kh1 Qh4+ 37. Kg2 Kh7 38. Rh1 Rg8+ 39. Kf1 Rb1+ 40. Bd1 Rxd1+ 41. Qxd1 Qxh1+ 42. Ke2 Bg4+ 0-1

[Event "Spring Open 2024"]
[Site "?"]
[Date "2024.02.17"]
[Round "2"]
[White "Fathallah, Joe"]
[Black "Quinn, Peter"]
[Result "1-0"]
[WhiteElo "2007"]
[BlackElo "1632"]
[PlyCount "57"]
[SourceVersionDate "2024.04.12"]

1. d4 Nf6 2. c4 d6 3. Nc3 c6 4. e4 Qa5 5. f3 e5 6. d5 Be7 7. Be3 O-O 8. Qd2 cxd5 9. cxd5 a6 10. Nge2 b5 11. Nc1 Nbd7 12. Be2 Qc7 13. Nd3 Nb6 14. b3 Bd7 15. O-O Rfc8 16. Rac1 Qb7 17. f4 Rxc3 18. Qxc3 Rc8 19. Qb4 exf4 20. Nxf4 Ra8 21. Qd4 Nc8 22. Nh5 Ne8 23. Rf2 Bf8 24. Rcf1 f5 25. exf5 Nf6 26. Nxf6+ gxf6 27. Qxf6 Bg7 28. Qd8+ Bf8 29. Qg5+ 1-0